00704cam a2200193 a 4500020001500000020002200015040000800037082002600045110002900071245010900100260004700209300004100256500002100297650000900318650000900327942001000336999001700346952014700363 a1853837970 a1853837989 (pbk.) cUKM04a627 EAR 2000 C160 Or.2 aWorld Commission on Dams10aDams and development :ba new framework for decision-making : the report of the World Commission on Dams aLondon ;aSterling, VA :bEarthscan,c2000 axxxvii, 404 p. :bill., map ;c28 cm a"November 2000." 0aDams 0aDams cAEDBB c19082d19082 0010406627_000000000000000_EAR_2000_C160_OR70983831aLBCbLBCcC160d2020-03-06eA39441o627 EAR 2000 C160 Or.r2020-03-06w2020-03-06yEK